000 00596nam a22001937a 4500
999 _c5881
_d5881
005 20251125110408.0
008 251125b ||||| |||| 00| 0 eng d
020 _a9781684124787
040 _cKH8
082 _a591.734 OAC
100 _aOACHS,EMILY ROSE
_eAUTHOR
245 _aRainforest Animals
260 _a10350 Barnes Canyon Road,Suite 100,San Diego CA 92121
_bSilver Dolphin Books
_c©2018
300 _a32 pages
_bcolour illustration
_c15cm x 23cm
650 _2Rainforest
_aJuvenile Literature
650 _2Animals
_aJuvenile Literature
655 _aNon Fiction
942 _2ddc
_cNFIC